00571nam a2200193 a 450000100060000000300090000600800410001504000280005608200140008410000270009824500650012525000060019026000490019630000100024565000530025565000270030865000200033565000220035510351CO-ViMGA141112s2004 ck r 000 u spa d aCO-ViMGAbspacCO-ViMGA04a304 F15c21 aFals Borda ; Orlando, 10aCiencia Propia y Colonialismo intelectual. Los nuevos rumbos a3 aBogotpa : bCarlos Valencia Editores, c1987 a165p.14aCIENCIA - ASPECTOS SOCIALES - InvestigaciónES 14aCIENCIA Y CIVILIZACION14aHISTORIA SOCIAL14aInvestigaciónES